Najlepsi Strzelcy Sezonowo Liverpoolu 1990-2023 - Statystyki

Ogólne statystyki
  • Ten quiz został rozwiązany 263 razy
  • Średni wynik to 25 z 36
Statystyki odpowiedzi
Sezon Kraj Liczba Bramek Pozycja Piłkarz % Poprawnych
2017/18 Egipt 44 RW Mohamed Salah
100%
2018/19 Egipt 27 RW Mohamed Salah
100%
2019/20 Egipt 23 RW Mohamed Salah
100%
2020/21 Egipt 31 RW Mohamed Salah
100%
2021/22 Egipt 31 RW Mohamed Salah
100%
2022/23 Egipt 30 RW Mohamed Salah
100%
2011/12 Urugwaj 17 ST Luis Suarez
95%
2012/13 Urugwaj 30 ST Luis Suarez
95%
2013/14 Urugwaj 31 ST Luis Suarez
95%
2004/05 Anglia 13 CM Steven Gerrard
91%
2005/06 Anglia 23 CM Steven Gerrard
91%
2008/09 Anglia 24 CM Steven Gerrard
91%
2014/15 Anglia 13 CM Steven Gerrard
91%
2007/08 Hiszpania 33 ST Fernando Torres
81%
2009/10 Hiszpania 22 ST Fernando Torres
81%
2016/17 Brazylia 14 CAM Philippe Coutinho
78%
1990/91 Walia 26 ST Ian Rush
72%
1992/93 Walia 22 ST Ian Rush
72%
1993/94 Walia 19 ST Ian Rush
72%
1997/98 Anglia 23 ST Micheal Owen
70%
1998/99 Anglia 23 ST Micheal Owen
70%
1999/20 Anglia 12 ST Micheal Owen
70%
2000/01 Anglia 24 ST Micheal Owen
70%
2001/02 Anglia 28 ST Micheal Owen
70%
2002/03 Anglia 28 ST Micheal Owen
70%
2003/04 Anglia 19 ST Micheal Owen
70%
2015/16 Anglia 13 ST Daniel Sturridge
66%
2010/11 Holandia 15 RW Dirk Kuyt
52%
2004/05 Czechy 13 ST Milan Baros
38%
1994/95 Anglia 31 ST Robbie Fowler
31%
1995/96 Anglia 36 ST Robbie Fowler
31%
1996/97 Anglia 31 ST Robbie Fowler
31%
2006/07 Anglia 18 ST Peter Crouch
30%
2004/05 Hiszpania 13 RW Luis Garcia
21%
1989/90 Anglia 28 LM John Barnes
20%
1991/92 Walia 23 ST Dean Saunders
1%
Nie znaleziono quizów pasujących do podanych kryteriów
Rozkład punktacji
Procent ludzi z każdym wynikiem
Percentyl według liczby udzielonych odpowiedzi
Twoja historia wyników
Nie rozwiązałeś tego quizu